=LDR 00000nam 2200000 4500 =001 INLIS000000000037614 =005 20200214094148 =035 ##$$a 0010-061300000037614 =008 200214################g##########0#ind## =041 ##$$a Ind =082 ##$$a 152.4 =090 ##$$a 152.4, Mof y =100 ##$$a Moffat, Frank =245 1#$$a Your second fifty, : $b optimalkan dimensi fisik mental, emosional dan spritual anda untuk meraih hari-hari fantastis setelah usia lima tahun, /$c Frank Moffat ; alih bahasa, Fabiola Reza W =260 ##$$a Jakarta :$b PT. Elex Media Komputindo,$c 2009 =300 ##$$a vi, 238 hlm. ; $c 15 x 23 cm =650 #4$$a Emosi dan mental =850 ##$$a NBPNMAT =020 ##$$a 978-979-25-5913-3 =084 ##$$a 152.4 MOF y =990 ##$$a 21110666/Pb/2011 =990 ##$$a 21110665/Pb/2011 =990 ##$$a 21110664/Pb/2011